Wydarzenia 2 Wojny Światowej - Statystyki

Ogólne statystyki
  • Ten quiz został rozwiązany 487 razy
    481 od ostatniego zresetowania
  • Średni wynik to 6 z 30
Statystyki odpowiedzi
Odpowiedź % Poprawnych
Atak Niemiec na Polskę 1 września 1939
99%
Atak Związku Sowieckiego na Polskę 17 września 1939
72%
Wypowiedzenie wojny III Rzeszy przez Francję i Wielką Brytanię 3 września 1939
70%
Początek Bitwy nad Bzurą 9 września 1939
42%
Kapitulacja Warszawy 28 września 1939
38%
Wybuch Powstania Warszawskiego 1 sierpnia 1944
28%
Kapitulacja Niemiec 8 maja 1945
26%
Atak III Rzeszy na ZSRR 22 czerwca 1941
23%
Zakończenie walk na Wybrzeżu 2 października 1939
23%
Bezwarunkowa kapitulacja Japonii. 2 września 1945
22%
Podpisanie Traktatu o Granicach i Przyjaźni 28 września 1939
21%
Atak na Pearl Harbour 7 grudnia 1941
21%
Samobójstwo Adolfa Hitlera 30 kwietnia 1945
20%
Lądowanie w Normandii 6 czerwca 1944
20%
Zrzucenie bomby atomowej na Hiroszimę 6 sierpnia 1945
17%
Atak Niemiec na Danię i Norwegię 9 kwietnia 1940
15%
Początek ofensywy wojsk niemieckich we Francji 10 maja 1940
14%
Objęcie urzędu prezydenta RP przez Władysława Raczkiewicza 30 września 1939
12%
Powstanie w Getcie Warszawskim 19 kwietnia 1943
7%
Zdobycie Monte Cassino 18 maja 1944
6%
Kapitulacja wojsk niemieckich pod Stalingradem 2 lutego 1943
5%
Początek Bitwy pod Kurskiem 5 lipca 1943
4%
Początek Bitwy o Anglię 8 sierpnia 1940
4%
Wkroczenie Armii Czerwonej do Wilna 15 czerwca 1940
3%
Podpisanie Deklaracji Narodów Zjednoczonych 1 stycznia 1942
3%
Podpisanie Paktu Trzech (Japonia, Niemcy, Włochy) 27 września 1940
3%
Początek Konferencji "Wielkiej Trójki" w Jałcie 4 lutego 1945
3%
Początek Konferencji w Poczdamie 17 lipca 1945
2%
Podpisanie Karty Atlantyckiej 14 sierpnia 1941
1%
Początek niemieckiej ofensywy na Moskwę 30 września 1941
1%
Nie znaleziono quizów pasujących do podanych kryteriów
Rozkład punktacji
Procent ludzi z każdym wynikiem
Percentyl według liczby udzielonych odpowiedzi
Twoja historia wyników
Nie rozwiązałeś tego quizu od ostatniego zresetowania